000 005260000a22001690004500
041 0 _aENG
082 0 4 _aG 253.4 L3664h
100 1 _aLaubach, Frank C. (1884-1970)
245 1 0 _aHow to teach one and win one for Christ : Christ's plan for winning the world, each one teach and win one / Frank C. Laubach
260 _aGrand Rapids, MI., USA : Zondervan
300 _a90 Pag
001 6378
942 _cBK
999 _c36650
_d36650
336 _atexto
_btxt
_2rdacontent
337 _2rdamedia
_asin mediación
_bn
338 _2rdacarrier
_avolumen
_bnc